BIBLIOTECA

SENCICO

Introducción a la teoría de las probabilidades / (Registro nro. 137)

Detalles MARC
000 -LEADER
fixed length control field 00993nam a2200205Ia 4500
003 - CONTROL NUMBER IDENTIFIER
control field PE SENCICO BE
005 - DATE AND TIME OF LATEST TRANSACTION
control field 20251020182427.0
008 - FIXED-LENGTH DATA ELEMENTS--GENERAL INFORMATION
fixed length control field 200515s9999 xx 000 0 und d
040 ## - CATALOGING SOURCE
Original cataloging agency PE SENCICO BE
Transcribing agency PE SENCICO BE
041 ## - LANGUAGE CODE
Language code of text/sound track or separate title spa
082 ## - DEWEY DECIMAL CLASSIFICATION NUMBER
Classification number 519.2
Item number P92
100 1# - MAIN ENTRY--PERSONAL NAME
Personal name Pugachev, V. S.
9 (RLIN) 2301
Relator term autor
245 10 - TITLE STATEMENT
Title Introducción a la teoría de las probabilidades /
Statement of responsibility, etc. Pugachev, V. S.
260 ## - PUBLICATION, DISTRIBUTION, ETC.
Place of publication, distribution, etc. URSS :
Name of publisher, distributor, etc. Mir Moscú ;
Date of publication, distribution, etc. 1973
300 ## - PHYSICAL DESCRIPTION
Extent 323 p. :
Other physical details tbl. ;
Dimensions 21 cm.
505 0# - FORMATTED CONTENTS NOTE
Formatted contents note Probabilidad de un acontecimiento -- Magnitudes aleatorias -- Magnitudes aleatorias vectoriales -- Características de funciones aleatorias -- Funciones aleatorias estacionarias -- Representaciones canónicas de funciones aleatorias -- Entropía e información que se contiene en las magnitudes aleatorias -- Determinación de las características estadísticas según los resultados de experimentos.
650 10 - SUBJECT ADDED ENTRY--TOPICAL TERM
Topical term or geographic name entry element Probabilidades
9 (RLIN) 264
650 20 - SUBJECT ADDED ENTRY--TOPICAL TERM
Topical term or geographic name entry element Estadística matemática
9 (RLIN) 210
942 ## - ADDED ENTRY ELEMENTS (KOHA)
Koha item type Libros
Source of classification or shelving scheme Dewey Decimal Classification
Existencias
Fecha de la última vez que lo usaron Número de ingreso o de inventario Pago total Signatura topográfica completa Código de barras Precio efectivo desde Tipo de documento Estado perdido Sistema de clasificación Estado dañado No es para préstamo Retirado Ubicación permanente Ubicación actual Fecha de adquisición
15/05/2020 8825   519.2/P92 BibLima24060035 15/05/2020 Libros   Dewey Decimal Classification       Biblioteca Central Lima Biblioteca Central Lima 15/05/2020